000 00469nam a2200169 i 4500
001 30628
003 ES-MaACL
005 20230906154228.0
007 t|
008 030127q19101919fr ||||1| fre d
100 1 _aBataille, Henry.
_926392
245 1 0 _aThéatre complet /
_cHenry Bataille.
260 _aParís :
_b[s.n.,
_c191-?] (
_fLahure)
300 _a281 p., 1 lám. ;
_c19 cm.
505 8 _aContiene: I: La lepreuse. L'holocauste
852 _aES-MaACL
_jB-4251
999 _c30628
_d30628